| 000 | 00558nam a2200181Ia 4500 | ||
|---|---|---|---|
| 003 | IN-BaIIA | ||
| 008 | 211028s9999 xx 000 0 eng d | ||
| 040 | _cIIA Library | ||
| 080 |
_a52(091) _bKAY |
||
| 100 |
_aKaye,G. R. _9895 |
||
| 245 | 4 |
_aThe astronomical observatories of Jai singh _cG. R. Kaye |
|
| 260 |
_aCalcutta _bSuperintendent Government Printing _c1918 |
||
| 300 | _aviii, 151p. | ||
| 490 | _aNew imperial series; v. 40. | ||
| 650 |
_aAstronomy _980 |
||
| 650 |
_aAsytophysics _9896 |
||
| 942 | _cBK | ||
| 999 |
_c395 _d395 |
||